000
00262nam a2200097Ia 4500
001
778979
005
20250826165935.0
008
250824s9999 xx 000 0 und d
245
0
_a
SUYU ARAYAN ADAM
_c
ŞEVKET SÜREYYA AYDEMİR
260
_b
REMZİ KİTABEVİ YAYINLARI
999
_c
778979
_d
778979